00282nam a2200121Ia 45000030006000000080041000060400015000471000019000622450024000812600026001055460012001310050017001430STCL150530s9999 xx 000 0 und d aSTCLcSTCL aSherwood, H.C. aShakespeare Tempest bBasil Blackwellc1973 aEnglish20220125170956.0